Elmer / (Registro nro. 12520)
[ vista simple ]
| 000 -LEADER | |
|---|---|
| fixed length control field | 00798nam a2200313 c 4500 |
| 001 - CONTROL NUMBER | |
| control field | |
| 003 - CONTROL NUMBER IDENTIFIER | |
| control field | DO-SdBNP |
| 005 - DATE AND TIME OF LATEST TRANSACTION | |
| control field | 20170118142509.0 |
| 008 - FIXED-LENGTH DATA ELEMENTS--GENERAL INFORMATION | |
| fixed length control field | 130510s2000 sp a | |||| 000 1 baq |
| 015 ## - NATIONAL BIBLIOGRAPHY NUMBER | |
| National bibliography number | |
| 017 ## - COPYRIGHT OR LEGAL DEPOSIT NUMBER | |
| Copyright or legal deposit number | |
| Assigning agency | |
| 020 ## - INTERNATIONAL STANDARD BOOK NUMBER | |
| International Standard Book Number | 8437221862 |
| 035 ## - SYSTEM CONTROL NUMBER | |
| System control number | (OCoLC) |
| 040 ## - CATALOGING SOURCE | |
| Original cataloging agency | BPMSU |
| Language of cataloging | spa |
| Transcribing agency | BPMSU |
| Description conventions | |
| 041 1# - LANGUAGE CODE | |
| Language code of text/sound track or separate title | |
| Language code of original | |
| 080 ## - UNIVERSAL DECIMAL CLASSIFICATION NUMBER | |
| Universal Decimal Classification number | |
| 100 1# - MAIN ENTRY--PERSONAL NAME | |
| Personal name | Mckee, David |
| 240 10 - UNIFORM TITLE | |
| Uniform title | <a href="Elmer ">Elmer </a> |
| Language of a work | Español |
| 245 10 - TITLE STATEMENT | |
| Title | Elmer / |
| Statement of responsibility, etc. | David McKee ; itzulpena, Aiora Jaka Irizar ; traducción María Punsel |
| 260 ## - PUBLICATION, DISTRIBUTION, ETC. (IMPRINT) | |
| Place of publication, distribution, etc. | Madrid : |
| Name of publisher, distributor, etc. | Altea, |
| Date of publication, distribution, etc. | 2000 |
| 300 ## - PHYSICAL DESCRIPTION | |
| Extent | [40] p. : |
| Other physical details | il. ; |
| Dimensions | 24 cm |
| 336 ## - CONTENT TYPE | |
| Content type term | |
| -- | |
| Source | |
| 337 ## - MEDIA TYPE | |
| Media type term | |
| Source | |
| 490 0# - SERIES STATEMENT | |
| Series statement | Klis-klasikoak |
| 700 1# - ADDED ENTRY--PERSONAL NAME | |
| Personal name | Jaka Irizar, Aiora |
| 700 1# - ADDED ENTRY--PERSONAL NAME | |
| Personal name | Punsel, María |
| Relator term | tr. |
| 942 ## - ADDED ENTRY ELEMENTS (KOHA) | |
| Source of classification or shelving scheme | Dewey Decimal Classification |
| Koha item type | Libros |
| 956 ## - LOCAL ELECTRONIC LOCATION AND ACCESS (OCLC) | |
| Host name | VMATEO |
| Access number | 10 |
| Compression information | 20170118 |
| Path | BPMSU |
| Withdrawn status | Lost status | Source of classification or shelving scheme | Damaged status | Not for loan | Collection code | Home library | Current library | Date acquired | Source of acquisition | Total Checkouts | Barcode | Date last seen | Price effective from | Koha item type | Copy number |
|---|---|---|---|---|---|---|---|---|---|---|---|---|---|---|---|
| Dewey Decimal Classification | Colección Juvenil General | Biblioteca Pública Metropolitana Salomé Ureña | Biblioteca Pública Metropolitana Salomé Ureña | 01/18/2017 | Afaguara | BPMET17010737 | 01/18/2017 | 01/18/2017 | Libros | ||||||
| Dewey Decimal Classification | Colección Infantil General | Biblioteca Pública Metropolitana Salomé Ureña | Biblioteca Pública Metropolitana Salomé Ureña | 02/28/2017 | Alfaguara | BPMET17020060 | 02/28/2017 | 02/28/2017 | Libros | ej. 2 |